000 00635cam a22002055a 4500
001 L159666
008 150226s2017 xxk f 000 0 eng d
035 _a(Sirsi) u159666
041 0 _aeng
100 1 _aFrew McMillan, Alex
245 0 0 _aBest before 2047
260 _c2017
490 _aModus
_vMay 2017, 18-21 (4)
520 _aFrom construction to demolition in just 30 years, Japanese houses have a shelf life scarcely conceivable in other markets. What's behind this unique culture...and is it sustainable?
590 _aKA
650 2 4 _aHOUSE BUILDING
651 4 _aJapan
690 _aCONSTRUCTION
942 _n0
_2ddc
999 _c84900
_d84900